000 00733nam a2200229 i 4500
001 95466
003 ES-MaACL
005 20250805063251.0
007 t|
008 050530s1973 sp f |||| |bspa d
100 1 _aLlarch, Joan,
_d1920-1987
_972722
245 1 3 _aLa muerte de Durruti /
_cJoan Llarch.
260 _aBarcelona :
_bAura,
_c1973.
300 _a252 p., 2 lám.; 2 h. pleg. ;
_c20 cm.
600 1 7 _aDurruti, Buenaventura,
_d1896-1936
_2embne
_9241539
650 4 _99790
_aAnarquismo-
_zEspaña
651 4 _aEspaña-
_xHistoria-
_y1936-1939, Guerra civil.
_98292
852 _aES-MaACL
_jC-49311
942 _2udc
_cMONOGRAFIA
_n0
999 _c95466
_d95466